000 00389nam a22001577a 4500
999 _c2488
_d2488
008 200305b ||||| |||| 00| 0 eng d
082 0 0 _a370.2
_bU567
100 _92083
_aUNESCO
110 _92084
_aUNESCO
245 1 0 _aWorld handbook of educational organisations
_cby UNESCO
260 _aParis
_bUNESCO
_c1952
300 _a469 p.
365 _d34.05
650 0 _aEducation
942 _cBK